| Tag |
First Indicator |
Second Indicator |
Subfields |
| LEADER |
00000cam a22000008a 4500 |
| 001 |
in00001019613 |
| 005 |
20150928092414.0 |
| 008 |
880825s1989 nyu b 00110 eng |
| 010 |
|
|
|a 88026496
|
| 020 |
|
|
|a 0394381505
|
| 035 |
|
|
|a (OCoLC)18464034
|
| 035 |
|
|
|9 AFE9092AM
|
| 040 |
|
|
|a DLC
|c DLC
|d TXA
|d UtOrBLW
|
| 049 |
|
|
|a TXAM
|
| 050 |
0 |
0 |
|a LB1050
|b .D755 1989
|
| 082 |
0 |
0 |
|a 428.4/07
|2 19
|
| 100 |
1 |
|
|a Duffy, Gerald G.
|
| 245 |
1 |
0 |
|a Improving classroom reading instruction :
|b a decision-making approach /
|c Gerald G. Duffy, Laura R. Roehler.
|
| 250 |
|
|
|a 2nd ed.
|
| 263 |
|
|
|a 8901
|
| 264 |
|
1 |
|a New York :
|b Random House,
|c [1989]
|
| 264 |
|
4 |
|c ©1989
|
| 300 |
|
|
|a 483 pages :
|b illustrations
|
| 336 |
|
|
|a text
|b txt
|2 rdacontent
|
| 337 |
|
|
|a unmediated
|b n
|2 rdamedia
|
| 338 |
|
|
|a volume
|b nc
|2 rdacarrier
|
| 504 |
|
|
|a Includes bibliographical references and index.
|
| 650 |
|
0 |
|a Reading.
|
| 700 |
1 |
|
|a Roehler, Laura R.,
|d 1937-
|
| 999 |
|
|
|a MARS
|
| 999 |
f |
f |
|s af2525c0-4e3f-3ef2-8950-1acb9d75b918
|i aaccaa91-2ac1-3067-bce2-840e0be96c9e
|t 0
|
| 952 |
f |
f |
|p normal
|a Texas A&M University
|b College Station
|c Sterling C. Evans Library
|d Evans: Library Stacks
|t 0
|e LB1050 .D755 1989
|h Library of Congress classification
|i unmediated -- volume
|m A14814399117
|
| 998 |
f |
f |
|a LB1050 .D755 1989
|t 0
|l Evans: Library Stacks
|